| 000 | 01026nam a22002537a 4500 | ||
|---|---|---|---|
| 003 | PE SENCICO BE | ||
| 005 | 20251020182706.0 | ||
| 008 | 240223b |||||||| |||| 00| 0 eng d | ||
| 040 |
_aPE SENCICO BE _cPE SENCICO BE |
||
| 041 | _aspa | ||
| 084 |
_aI _aDIS _a2017 _bT11 |
||
| 100 | 1 |
_91978 _aTaboada Navarro, Karla Vanessa _eautor |
|
| 245 | 1 |
_aPropuesta del escaparate / _cKarla Vanessa Taboada Navarro |
|
| 260 |
_aLima : _c2017 |
||
| 300 |
_a37 h. : _bil. col., plans. ; _c30 x 40 cm. |
||
| 502 | _aMonografía de Titulación.-- Servicio Nacional de Capacitación para la Industria de la Construcción. Escuela Superior Técnica. Carrera Profesional Técnica en Diseño de Interiores, 2017 | ||
| 650 | 1 | 0 |
_944 _aDiseño de interiores |
| 650 | 2 | 0 |
_91899 _aTalleres de moda |
| 650 | 2 | 0 |
_99 _aEspacios interiores |
| 650 | 2 | 0 |
_9967 _aComunicación en diseño |
| 710 | 1 |
_aServicio Nacional de Capacitación para la Industria de la Construcción. _bEscuela Superior Técnica _91065 |
|
| 910 |
_bhfp _chfp |
||
| 942 | _cMON | ||
| 999 |
_c4960 _d4960 |
||